000 00334nam a2200133Ia 4500
008 240624s9999 xx 000 0 und d
041 _aeng
082 _a658.4092 GAI
100 _aGAIL
245 _aLOOKING BEYOND DARING TO THINK RARING TO
260 _c2005
_aNew Delhi
_bExcel Books
300 _axii, : 188p. ; 21cm.
365 _cRS
999 _c3717
_d3717